Rhymes With Hair - Statistics

General Stats
  • This quiz has been taken 1,049 times
    941 since last reset
  • The average score is 21 of 25
Answer Stats
Hint Answer % Correct
A Air
97%
C Care
97%
F Fair
97%
B Bear
96%
D Dare
95%
L Lair
94%
M Mare
92%
R Rare
92%
T Tear
92%
F Fare
91%
B Bare
90%
W Wear
90%
P Pair
89%
H Hare
87%
P Pear
84%
W Ware
82%
W Where
82%
C Chair
79%
P Pare
79%
G Glare
76%
T There
74%
F Flare
73%
F Flair
72%
T Their
65%
H Heir
52%
No matching quizzes found
Score Distribution
Percent of People with Each Score
Percentile by Number Answered
Your Score History
You have not taken this quiz since the last reset